000
00262nam a2200097Ia 4500
008
170620s9999 xx 000 0 und d
100
_a
Srivastava -Abhay Kumar
245
0
_a
Sarir Vyayam Kriyatmak Vigan Evam Krida Chikitsa
260
_b
Maharastra;Amit Book
260
_c
2002
300
_a
108
999
_c
27829
_d
27829